000
00300nam a2200121 a 4500
005
20141022142009.0
008
120229s19uu xx 00 eng d
050
_a
CD
_b
C321 2009
100
_a
Carson, Cindy
245
_a
Digital audio brodcasting /
_c
Cindy Carson.
260
_c
2009.
942
_c
AVM
999
_c
276654
_d
276654